[Event "CHN-RUS Summit (Women) 6th Rapid"]
[Site "Sochi"]
[Date "2009.08.22"]
[Round "7"]
[White "Tairova, Elena"]
[Black "Shen, Yang"]
[Result "0-1"]
[WhiteElo "2450"]
[BlackElo "2453"]
[PlyCount "100"]
[EventDate "2009.08.21"]
[EventType "schev (rapid)"]
[EventRounds "10"]
[EventCountry "RUS"]
[SourceTitle "CBM 131 Extra"]
[Source "ChessBase"]
[SourceDate "2009.09.03"]
[SourceVersion "2"]
[SourceVersionDate "2009.09.16"]
[SourceQuality "1"]

1. e4 e5 2. Nf3 Nc6 3. Bc4 Bc5 4. c3 Nf6 5. d3 a6 6. Bb3 Ba7 7. h3 d6 8. Nbd2 h6 9. Nf1 d5 10. Qe2 d4 11. g4 Nd7 12. Bd5 dxc3 13. Bxc6 bxc6 14. bxc3 a5 15. Ba3 Ba6 16. Rd1 Qf6 17. Ng3 g6 18. 0-0 0-0-0 19. c4 h5 20. gxh5 Bc5 21. Bc1 Rdg8 22. Kh2 Nf8 23. Be3 Ne6 24. Bxc5 Nxc5 25. d4 exd4 26. Nxd4 gxh5 27. Ngf5 Re8 28. f3 Rhg8 29. Rg1 Rg6 30. Rb1 Nd7 31. Qd2 Bxc4 32. Qxa5 Qe5+ 33. Qxe5 Nxe5 34. Rg3 Bxa2 35. Ra1 Bc4 36. Ra5 Kd7 37. f4 Nd3 38. Ne3 Rxe4 39. Ndf5 Nxf4 40. Nxc4 Rxc4 41. Rxg6 fxg6 42. Ne3 Rc3 43. Nd1 Rxh3+ 44. Kg1 h4 45. Nf2 Rg3+ 46. Kf1 h3 47. Ra4 g5 48. Ne4 Rg2 49. Nf2 h2 50. Rxf4 Rxf2+ 0-1

[Event "CHN-RUS Summit (Women) 6th Rapid"]
[Site "Sochi"]
[Date "2009.08.21"]
[Round "4"]
[White "Xu, Yuhua"]
[Black "Tairova, Elena"]
[Result "1-0"]
[WhiteElo "2485"]
[BlackElo "2450"]
[PlyCount "67"]
[EventDate "2009.08.21"]
[EventType "schev (rapid)"]
[EventRounds "10"]
[EventCountry "RUS"]
[SourceTitle "CBM 131 Extra"]
[Source "ChessBase"]
[SourceDate "2009.09.03"]
[SourceVersion "2"]
[SourceVersionDate "2009.09.16"]
[SourceQuality "1"]

1. e4 e6 2. d3 c5 3. f4 d5 4. Qe2 Nf6 5. Nf3 Be7 6. g3 b6 7. Bg2 Ba6 8. e5 Nfd7 9. c4 Nc6 10. 0-0 Rc8 11. f5 dxc4 12. fxe6 cxd3 13. exd7+ Qxd7 14. Qe4 Nb4 15. Nc3 Bb7 16. Qf4 0-0 17. Bd2 c4 18. Rae1 Nc2 19. Re4 b5 20. a3 a5 21. a4 b4 22. Nb5 Bd5 23. Nh4 g6 24. Qh6 Rc5 25. Nd6 Bxe4 26. Bxe4 Rxe5 27. Nhf5 Bf6 28. Qf4 gxf5 29. Nxf5 Kh8 30. Qh6 Qd8 31. Ne7 Rf5 32. Bxf5 Bd4+ 33. Kg2 Qa8+ 34. Kh3 1-0

[Event "CHN-RUS Summit (Women) 6th"]
[Site "Sochi"]
[Date "2009.08.19"]
[Round "5"]
[White "Tairova, Elena"]
[Black "Ju, Wenjun"]
[Result "1/2-1/2"]
[WhiteElo "2450"]
[BlackElo "2443"]
[PlyCount "79"]
[EventDate "2009.08.15"]
[EventType "schev"]
[EventRounds "5"]
[EventCountry "RUS"]
[SourceTitle "CBM 131 Extra"]
[Source "ChessBase"]
[SourceDate "2009.09.03"]
[SourceVersion "2"]
[SourceVersionDate "2009.09.16"]
[SourceQuality "1"]

1. e4 c5 2. Ne2 d6 3. g3 d5 4. Nbc3 d4 5. Nb1 Bg4 6. Bg2 d3 7. cxd3 Qxd3 8. Nf4 Qd7 9. f3 Be6 10. Nxe6 Qxe6 11. d4 cxd4 12. Qxd4 Nf6 13. Nc3 Qa6 14. Bf1 Nc6 15. Qc5 Nd7 16. Bxa6 Nxc5 17. Bc4 0-0-0 18. Be3 e6 19. 0-0 Be7 20. Rfd1 Rxd1+ 21. Rxd1 Rd8 22. Rxd8+ Kxd8 23. Kg2 a6 24. a3 b5 25. Be2 Kc7 26. f4 Nb3 27. e5 Nca5 28. Bd1 Nc4 29. Bxb3 Nxe3+ 30. Kf3 Nf5 31. Ke4 h5 32. Bd1 g6 33. b4 Kc6 34. Bf3 Kb6 35. Be2 Bf8 36. Bd3 Be7 37. Be2 Bf8 38. Bd3 Be7 39. Bf1 Bf8 40. Bd3 1/2-1/2

[Event "CHN-RUS Summit (Women) 6th"]
[Site "Sochi"]
[Date "2009.08.16"]
[Round "2"]
[White "Tairova, Elena"]
[Black "Shen, Yang"]
[Result "1-0"]
[WhiteElo "2450"]
[BlackElo "2453"]
[PlyCount "51"]
[EventDate "2009.08.15"]
[EventType "schev"]
[EventRounds "5"]
[EventCountry "RUS"]
[SourceTitle "CBM 131 Extra"]
[Source "ChessBase"]
[SourceDate "2009.09.03"]
[SourceVersion "2"]
[SourceVersionDate "2009.09.16"]
[SourceQuality "1"]

1. e4 e5 2. Nf3 Nc6 3. Bc4 Bc5 4. 0-0 Nf6 5. d4 Bxd4 6. Nxd4 Nxd4 7. f4 d6 8. fxe5 dxe5 9. Bg5 Be6 10. Na3 Qe7 11. c3 Bxc4 12. Bxf6 gxf6 13. Nxc4 Ne6 14. b4 Rd8 15. Qc2 Rg8 16. Kh1 Rg6 17. Ne3 c6 18. Rad1 Ng7 19. Qa4 a6 20. Nd5 Qf8 21. Nc7+ Ke7 22. Qa5 Ne6 23. Nxe6 Rxd1 24. Rxd1 Kxe6 25. Qc7 f5 26. Rd8 1-0

[Event "RUS-ch (Women) 59th"]
[Site "Voronezh"]
[Date "2009.06.01"]
[Round "1"]
[White "Tairova, Elena"]
[Black "Petrova, Olga"]
[Result "1-0"]
[WhiteElo "2422"]
[BlackElo "2285"]
[PlyCount "61"]
[EventDate "2009.06.01"]
[EventType "swiss"]
[EventRounds "9"]
[EventCountry "RUS"]
[SourceTitle "CBM 130 Extra"]
[Source "ChessBase"]
[SourceDate "2009.07.02"]
[SourceVersion "2"]
[SourceVersionDate "2009.07.15"]
[SourceQuality "1"]

1. d4 Nf6 2. Nf3 g6 3. Nc3 d5 4. Bf4 Bg7 5. e3 0-0 6. Be2 c6 7. Ne5 Ne8 8. h4 f6 9. Nd3 Nd7 10. e4 Nb6 11. e5 Nc4 12. Bg4 fxe5 13. Bxe5 Nxe5 14. dxe5 Bxg4 15. Qxg4 Qc8 16. Qe2 Nc7 17. h5 Ne6 18. hxg6 hxg6 19. 0-0-0 Rf5 20. g3 b6 21. f4 Rf8 22. Rdf1 Nd4 23. Qf2 Nf5 24. Rh3 Nh6 25. Rfh1 Ng4 26. Qe2 d4 27. Ne4 c5 28. Rh4 c4 29. Ne1 Ne3 30. Ng5 Rf5 31. Nef3 1-0

[Event "RUS-ch U20 Girls"]
[Site "Dagomys"]
[Date "2009.05.09"]
[Round "10"]
[White "Tairova, Elena"]
[Black "Gunina, Valentina"]
[Result "0-1"]
[WhiteElo "2422"]
[BlackElo "2411"]
[PlyCount "78"]
[EventDate "2009.04.29"]
[EventType "tourn"]
[EventRounds "10"]
[EventCountry "RUS"]
[EventCategory "4"]
[SourceTitle "CBM 130 Extra"]
[Source "ChessBase"]
[SourceDate "2009.07.02"]
[SourceVersion "2"]
[SourceVersionDate "2009.07.15"]
[SourceQuality "1"]

1. e4 c5 2. Nf3 e6 3. d4 cxd4 4. Nxd4 Nc6 5. Nc3 Qc7 6. Be3 a6 7. Qd2 Nf6 8. f3 Bb4 9. 0-0-0 0-0 10. g4 b5 11. h4 Bb7 12. h5 Ne5 13. Bd3 d5 14. g5 Nfd7 15. Kb1 Nb6 16. Qh2 Bxc3 17. bxc3 Na4 18. Ne2 dxe4 19. fxe4 Nxc3+ 20. Nxc3 Qxc3 21. Qd2 Qa3 22. Qc1 Qb4+ 23. Qb2 Qxb2+ 24. Kxb2 Rac8 25. Bc1 Rfd8 26. Bf4 Nd7 27. Rhe1 Nc5 28. Be5 Na4+ 29. Kb3 Rc5 30. Bxb5 Rxb5+ 31. Kxa4 Rc8 32. Bf4 e5 33. Bc1 Kf8 34. Ba3+ Ke8 35. Bd6 Rc4+ 36. Ka3 Rc3+ 37. Ka4 Bc6 38. h6 Rbc5+ 39. Kb4 a5# 0-1

[Event "RUS-ch U20 Girls"]
[Site "Dagomys"]
[Date "2009.05.03"]
[Round "5"]
[White "Tairova, Elena"]
[Black "Girya, Olga"]
[Result "1-0"]
[WhiteElo "2422"]
[BlackElo "2335"]
[PlyCount "55"]
[EventDate "2009.04.29"]
[EventType "tourn"]
[EventRounds "10"]
[EventCountry "RUS"]
[EventCategory "4"]
[SourceTitle "CBM 130 Extra"]
[Source "ChessBase"]
[SourceDate "2009.07.02"]
[SourceVersion "2"]
[SourceVersionDate "2009.07.15"]
[SourceQuality "1"]

1. e4 c5 2. d4 cxd4 3. c3 Nf6 4. e5 Nd5 5. Nf3 Nc6 6. Bc4 Nc7 7. cxd4 d5 8. exd6 exd6 9. d5 Ne5 10. Be2 Be7 11. Nc3 Nxf3+ 12. Bxf3 0-0 13. 0-0 Bf5 14. Ne4 Na6 15. Bf4 Rc8 16. Rc1 Rxc1 17. Qxc1 b6 18. b4 Nxb4 19. Qc4 a5 20. a3 b5 21. Qxb5 Bd7 22. Qc4 Qb8 23. Rb1 Bb5 24. Qb3 Bd3 25. Rb2 Bxe4 26. Bxe4 f5 27. Bd3 Bf6 28. Rb1 1-0

[Event "RUS-ch U20 Girls"]
[Site "Dagomys"]
[Date "2009.05.01"]
[Round "3"]
[White "Tairova, Elena"]
[Black "Charochkina, Daria"]
[Result "1-0"]
[WhiteElo "2422"]
[BlackElo "2306"]
[PlyCount "71"]
[EventDate "2009.04.29"]
[EventType "tourn"]
[EventRounds "10"]
[EventCountry "RUS"]
[EventCategory "4"]
[SourceTitle "CBM 130 Extra"]
[Source "ChessBase"]
[SourceDate "2009.07.02"]
[SourceVersion "2"]
[SourceVersionDate "2009.07.15"]
[SourceQuality "1"]

1. e4 e5 2. f4 exf4 3. Nf3 g5 4. Bc4 Bg7 5. d4 d6 6. g3 g4 7. Nh4 f3 8. Be3 Bf6 9. Nc3 Ne7 10. Qd2 Ng6 11. Nf5 Bxf5 12. exf5 Ne7 13. Bd3 d5 14. 0-0-0 Nd7 15. Rde1 c5 16. Bb5 0-0 17. dxc5 Ne5 18. Bg5 N7c6 19. Bxf6 Qxf6 20. Qf4 f2 21. Re2 Nc4 22. Bxc4 dxc4 23. Rxf2 Kh8 24. Qxg4 Ne5 25. Qf4 Rfe8 26. Rd1 Qc6 27. Rd5 f6 28. Rfd2 Nf7 29. Qxc4 Re1+ 30. Rd1 Ne5 31. Qd4 Rxd1+ 32. Qxd1 Qc8 33. g4 b6 34. Ne4 Qc6 35. g5 Nc4 36. Rd8+ 1-0

[Event "Biel MTO op 41st"]
[Site "Biel"]
[Date "2008.08.01"]
[Round "11"]
[White "Tairova, Elena"]
[Black "Ulybin, Mikhail"]
[Result "0-1"]
[WhiteElo "2417"]
[BlackElo "2520"]
[PlyCount "74"]
[EventDate "2008.07.21"]
[EventType "swiss"]
[EventRounds "11"]
[EventCountry "SUI"]
[SourceTitle "CBM 125 Extra"]
[Source "ChessBase"]
[SourceDate "2008.09.01"]
[SourceVersion "1"]
[SourceVersionDate "2008.09.01"]
[SourceQuality "1"]

1. e4 e6 2. d4 d5 3. Nd2 Nf6 4. e5 Nfd7 5. Bd3 c5 6. c3 Nc6 7. Ne2 cxd4 8. cxd4 f6 9. Nf4 fxe5 10. Nxe6 Qb6 11. Qh5+ Ke7 12. Nxf8 Kxf8 13. dxe5 Ndxe5 14. 0-0 Bg4 15. Qg5 h6 16. Qf4+ Kg8 17. Nb3 Rf8 18. Qg3 Nxd3 19. Qxd3 d4 20. Qg3 Bf5 21. Bf4 Kh7 22. Bd6 Rf7 23. Bc5 Qd8 24. Rad1 d3 25. Rfe1 Qd5 26. Qd6 Qc4 27. Rc1 Qb5 28. Qd5 Rf6 29. a4 Qxa4 30. Be7 Rg6 31. Rc3 Nxe7 32. Rxe7 Re8 33. Re3 Rxe3 34. fxe3 Be4 35. Qe5 Rxg2+ 36. Kf1 d2 37. Qd6 Qb5+ 0-1

[Event "Biel MTO op 41st"]
[Site "Biel"]
[Date "2008.07.24"]
[Round "4"]
[White "Duschek, Volker"]
[Black "Tairova, Elena"]
[Result "0-1"]
[WhiteElo "2273"]
[BlackElo "2417"]
[PlyCount "56"]
[EventDate "2008.07.21"]
[EventType "swiss"]
[EventRounds "11"]
[EventCountry "SUI"]
[SourceTitle "CBM 125 Extra"]
[Source "ChessBase"]
[SourceDate "2008.09.01"]
[SourceVersion "1"]
[SourceVersionDate "2008.09.01"]
[SourceQuality "1"]

1. e4 c5 2. Nf3 d6 3. d4 cxd4 4. Nxd4 Nf6 5. Nc3 a6 6. Bc4 e6 7. Bb3 b5 8. Bg5 Be7 9. Qf3 0-0 10. e5 dxe5 11. Qxa8 Qb6 12. Qf3 Bb7 13. Qg3 exd4 14. Bxf6 Bxf6 15. Ne2 Nd7 16. 0-0 Nc5 17. Rad1 e5 18. Kh1 a5 19. a3 Ne4 20. Qd3 Nc5 21. Qg3 Rd8 22. Ba2 Ne4 23. Qd3 Nc5 24. Qg3 Qc6 25. f3 Na4 26. f4 e4 27. Qb3 Qe8 28. Bb1 e3 0-1

[Event "Biel Delance Cup 41st"]
[Site "Biel"]
[Date "2008.07.20"]
[Round "1"]
[White "Seps, Monika"]
[Black "Tairova, Elena"]
[Result "1/2-1/2"]
[WhiteElo "2224"]
[BlackElo "2417"]
[PlyCount "88"]
[EventDate "2008.07.20"]
[EventType "match"]
[EventRounds "1"]
[EventCountry "SUI"]
[SourceTitle "CBM 125 Extra"]
[Source "ChessBase"]
[SourceDate "2008.09.01"]
[SourceVersion "1"]
[SourceVersionDate "2008.09.01"]
[SourceQuality "1"]

1. e4 e6 2. d4 d5 3. Nd2 Be7 4. Ngf3 Nf6 5. e5 Nfd7 6. Bd3 c5 7. c3 Nc6 8. 0-0 a5 9. Re1 g5 10. dxc5 Nxc5 11. Bc2 Nd7 12. Ba4 Nb6 13. Bxc6+ bxc6 14. Nd4 Bd7 15. Qh5 c5 16. Nc2 h6 17. Ne3 Bb5 18. c4 dxc4 19. Ne4 Qd3 20. Qf3 Qd8 21. Bd2 Qc7 22. Nf6+ Kf8 23. Neg4 Bc6 24. Qh3 Bxf6 25. exf6 Ke8 26. Bxg5 Nd5 27. Qh5 Qd6 28. Nxh6 Rh7 29. Qg4 Kd7 30. Rad1 Rah8 31. Bf4 Qf8 32. Nf5 Rg8 33. Ng7 Kc8 34. Rxd5 Bxd5 35. f3 Rhxg7 36. fxg7 Rxg7 37. Qh5 Qg8 38. Re2 f6 39. Bg3 Rb7 40. Qh6 Qd8 41. Bh4 Rf7 42. Qe3 Qb6 43. Rd2 Kb7 44. Qc3 f5 1/2-1/2

[Event "EU-ch (Women) 9th"]
[Site "Plovdiv"]
[Date "2008.05.02"]
[Round "11"]
[White "Lomineishvili, Maia"]
[Black "Tairova, Elena"]
[Result "1-0"]
[WhiteElo "2400"]
[BlackElo "2412"]
[PlyCount "83"]
[EventDate "2008.04.21"]
[EventType "swiss"]
[EventRounds "11"]
[EventCountry "BUL"]
[SourceTitle "CBM 123 Extra"]
[Source "ChessBase"]
[SourceDate "2008.05.06"]
[SourceVersion "1"]
[SourceVersionDate "2008.05.06"]
[SourceQuality "1"]

1. d4 d5 2. c4 c6 3. Nf3 Nf6 4. Nc3 e6 5. e3 Nbd7 6. Bd3 dxc4 7. Bxc4 b5 8. Bd3 Bd6 9. 0-0 Bb7 10. a3 0-0 11. Bd2 Qe7 12. Qc2 h6 13. h3 Rfe8 14. b4 a5 15. bxa5 e5 16. Nh4 Bxa3 17. Nf5 Qf8 18. Ra2 Bd6 19. Rfa1 Rac8 20. a6 Ba8 21. a7 g6 22. Nxd6 Qxd6 23. Bxg6 b4 24. Ne4 Nxe4 25. Bxe4 exd4 26. Ra4 c5 27. Bxa8 d3 28. Qc4 Rxa8 29. Ra6 Ne5 30. Qe4 Qd7 31. Rxh6 Ng6 32. Qc4 Qf5 33. Ra5 Kg7 34. Rxc5 Re5 35. Rc7 Re6 36. Qxb4 Rf6 37. f3 Qe5 38. Rxg6+ Kxg6 39. Rc5 Qa1+ 40. Kh2 Kg7 41. Bc3 Qa6 42. Rg5+ 1-0

[Event "EU-ch (Women) 9th"]
[Site "Plovdiv"]
[Date "2008.04.23"]
[Round "3"]
[White "Nikolova, Adriana"]
[Black "Tairova, Elena"]
[Result "0-1"]
[WhiteElo "2219"]
[BlackElo "2412"]
[PlyCount "92"]
[EventDate "2008.04.21"]
[EventType "swiss"]
[EventRounds "11"]
[EventCountry "BUL"]
[SourceTitle "CBM 123 Extra"]
[Source "ChessBase"]
[SourceDate "2008.05.06"]
[SourceVersion "1"]
[SourceVersionDate "2008.05.06"]
[SourceQuality "1"]

1. e4 e5 2. Nf3 Nc6 3. Bb5 a6 4. Bxc6 dxc6 5. 0-0 Qd6 6. h3 Ne7 7. b3 c5 8. a4 f6 9. Na3 Be6 10. Nc4 Qd7 11. d3 Nc6 12. Bb2 0-0-0 13. Qe2 g5 14. Nh2 h5 15. Rfd1 Nd4 16. Bxd4 cxd4 17. Qe1 Qe7 18. a5 Qb4 19. Qxb4 Bxb4 20. Nf1 Bd7 21. Ng3 Bc6 22. Nf5 h4 23. f3 Rh7 24. Kf2 Kd7 25. Rg1 Rdh8 26. Rh1 Ke6 27. Rag1 Be8 28. Ra1 Bc3 29. Ra2 Bg6 30. Rb1 Bxf5 31. exf5+ Kxf5 32. b4 Kf4 33. b5 f5 34. bxa6 bxa6 35. Rb7 e4 36. dxe4 fxe4 37. fxe4 Kxe4 38. Nb2 Rf8+ 39. Kg1 Rhf7 40. Nd3 Rf1+ 41. Kh2 Rd1 42. Rxc7 Rff1 43. Re7+ Kd5 44. Rd7+ Ke6 45. Nc5+ Ke5 46. Nd3+ Kf6 0-1

[Event "RUS-chT (Women)"]
[Site "Dagomys"]
[Date "2008.04.10"]
[Round "8"]
[White "Tairova, Elena"]
[Black "Charochkina, Daria"]
[Result "1-0"]
[WhiteElo "2412"]
[BlackElo "2361"]
[PlyCount "75"]
[EventDate "2008.04.02"]
[EventType "team"]
[EventRounds "9"]
[EventCountry "RUS"]
[SourceTitle "CBM 123 Extra"]
[Source "ChessBase"]
[SourceDate "2008.05.06"]
[SourceVersion "1"]
[SourceVersionDate "2008.05.06"]
[SourceQuality "1"]

1. e4 c6 2. d4 d5 3. e5 Bf5 4. h4 h6 5. g4 Bd7 6. Nd2 c5 7. dxc5 Qc7 8. f4 h5 9. gxh5 Nh6 10. Nb3 Nf5 11. Rh3 e6 12. Bd3 Bxc5 13. Nxc5 Qxc5 14. Qg4 Nc6 15. c3 0-0-0 16. Bd2 f6 17. Nf3 Nce7 18. 0-0-0 Be8 19. Qg1 b6 20. Nd4 Nxd4 21. Qxd4 Nc6 22. Qxc5 bxc5 23. h6 gxh6 24. exf6 Bh5 25. Rg1 Rdf8 26. Bg6 Be2 27. Re3 Bc4 28. Rxe6 Nd8 29. Re5 Nc6 30. b3 Nxe5 31. fxe5 Bb5 32. Be3 d4 33. cxd4 cxd4 34. Bxd4 Kb7 35. Be4+ Kb8 36. e6 Rc8+ 37. Kb2 a6 38. f7 1-0

[Event "Moscow op-C 04th (Women)"]
[Site "Moscow"]
[Date "2008.02.10"]
[Round "9"]
[White "Lagno, Kateryna"]
[Black "Tairova, Elena"]
[Result "1-0"]
[WhiteElo "2475"]
[BlackElo "2386"]
[PlyCount "36"]
[EventDate "2008.02.02"]
[EventType "swiss"]
[EventRounds "9"]
[EventCountry "RUS"]
[SourceTitle "CBM 122 Extra"]
[Source "ChessBase"]
[SourceDate "2008.03.04"]
[SourceVersion "1"]
[SourceVersionDate "2008.03.04"]
[SourceQuality "1"]

1. e4 e6 2. d4 d5 3. Nc3 Bb4 4. exd5 exd5 5. Bd3 Nc6 6. a3 Be7 7. Nge2 Bf6 8. Nf4 Nge7 9. Qh5 Bxd4 10. Nfxd5 Ne5 11. Be4 Ng4 12. 0-0 c6 13. Ne3 g6 14. Qh4 Bf6 15. Qg3 h5 16. Rd1 Bd7 17. Nc4 b5 18. Nd6+ Kf8 1-0

[Event "RUS-ch (Women) 57th"]
[Site "Moscow"]
[Date "2007.12.27"]
[Round "8"]
[White "Tairova, Elena"]
[Black "Girya, Olga"]
[Result "1-0"]
[WhiteElo "2391"]
[BlackElo "2338"]
[PlyCount "67"]
[EventDate "2007.12.18"]
[EventType "tourn"]
[EventRounds "11"]
[EventCountry "RUS"]
[EventCategory "7"]
[SourceTitle "CBM 121 Extra"]
[Source "ChessBase"]
[SourceDate "2008.01.10"]
[SourceVersion "1"]
[SourceVersionDate "2008.01.10"]
[SourceQuality "1"]

1. e4 c5 2. Nf3 Nc6 3. d4 cxd4 4. Nxd4 e5 5. Nb5 d6 6. N1c3 a6 7. Na3 b5 8. Nd5 Nge7 9. c4 Nxd5 10. cxd5 Nd4 11. Bd3 g6 12. 0-0 Bg7 13. Nc2 0-0 14. Nxd4 exd4 15. a4 Bd7 16. axb5 Bxb5 17. Bxb5 axb5 18. Rxa8 Qxa8 19. Bf4 Qa6 20. Qd3 Rc8 21. h4 h5 22. Rd1 Rc4 23. Kh2 Bf6 24. Bg3 Be7 25. b3 Rc3 26. Qxd4 Rxb3 27. e5 dxe5 28. Qxe5 Bf6 29. Qe8+ Kg7 30. d6 Qa4 31. Rc1 Bxh4 32. Rc8 Bxg3+ 33. fxg3 Kh6 34. Qe5 1-0

[Event "RUS-ch (Women) 57th"]
[Site "Moscow"]
[Date "2007.12.26"]
[Round "7"]
[White "Pogonina, Natalija"]
[Black "Tairova, Elena"]
[Result "0-1"]
[WhiteElo "2462"]
[BlackElo "2391"]
[PlyCount "210"]
[EventDate "2007.12.18"]
[EventType "tourn"]
[EventRounds "11"]
[EventCountry "RUS"]
[EventCategory "7"]
[SourceTitle "CBM 121 Extra"]
[Source "ChessBase"]
[SourceDate "2008.01.10"]
[SourceVersion "1"]
[SourceVersionDate "2008.01.10"]
[SourceQuality "1"]

1. e4 e6 2. d4 d5 3. Nd2 Be7 4. Bd3 c5 5. dxc5 Nf6 6. Qe2 Nc6 7. Ngf3 Nb4 8. Nb3 Nxd3+ 9. cxd3 a5 10. Bg5 a4 11. Nbd2 h6 12. Bxf6 Bxf6 13. e5 Be7 14. Rc1 Qa5 15. Qe3 Bd7 16. 0-0 0-0 17. Rc2 Rfc8 18. Rfc1 Rc7 19. Qd4 Rac8 20. b4 axb3 21. Nxb3 Qa6 22. Ne1 f6 23. exf6 Bxf6 24. Qb4 e5 25. d4 e4 26. Qb6 Qa4 27. Qd6 Bc6 28. Rd1 Rf7 29. Qg3 Re8 30. Rb2 Bg5 31. Nc2 Qa8 32. Qc3 Ref8 33. Ne3 Bh4 34. Rdd2 Bg5 35. Nc1 Qb8 36. a3 Bf4 37. h3 Qd8 38. Na2 Bxe3 39. Qxe3 Rf3 40. Qe1 Rxa3 41. Nb4 Qg5 42. Nxc6 bxc6 43. Kh2 e3 44. fxe3 Rxe3 45. Re2 Qf4+ 46. Kh1 Rxe2 47. Rxe2 Qxd4 48. Re8 Qxc5 49. Qe6+ Kh7 50. Rxf8 Qxf8 51. Qxc6 Qf5 52. Qc1 d4 53. Kg1 Qe4 54. Kf2 Kg6 55. Qd2 Kf5 56. g3 Kg6 57. Qc1 Qf5+ 58. Kg2 Qd5+ 59. Kf2 Qa2+ 60. Kf3 Qb3+ 61. Kf2 Qe6 62. Qd2 Qe4 63. Qc1 Kf6 64. Qd2 Qe5 65. Qc1 Qf5+ 66. Kg2 Qd5+ 67. Kf2 Qf5+ 68. Kg2 Qd3 69. Kf2 Qc3 70. Qf4+ Ke6 71. Qg4+ Kd5 72. Qxg7 Qe3+ 73. Kf1 Qc1+ 74. Ke2 Qe3+ 75. Kf1 Kc4 76. Qf8 Qd3+ 77. Kf2 Qd2+ 78. Kf1 Qc1+ 79. Kf2 Qe3+ 80. Kf1 Kb3 81. Qd6 Kc2 82. Qd5 Qc1+ 83. Kf2 Qd2+ 84. Kf1 Qd3+ 85. Kf2 Qe3+ 86. Kf1 Kd1 87. Qa8 Qe2+ 88. Kg1 Qe1+ 89. Kg2 Qd2+ 90. Kf1 Qd3+ 91. Kf2 Qc2+ 92. Kf1 d3 93. Qa1+ Qc1 94. Qa2 Qc3 95. Qb1+ Kd2 96. Kf2 Qc5+ 97. Kg2 Qc6+ 98. Kf2 Qc5+ 99. Kg2 Qd5+ 100. Kf2 Qd4+ 101. Kf3 Qe3+ 102. Kg4 Ke2 103. h4 d2 104. Qb5+ Kf2 105. Qb2 Qf3+ 0-1

[Event "Wch U20 Girls 25th"]
[Site "Yerevan"]
[Date "2007.10.13"]
[Round "10"]
[White "Tairova, Elena"]
[Black "Melia, Salome"]
[Result "1-0"]
[WhiteElo "2391"]
[BlackElo "2364"]
[PlyCount "107"]
[EventDate "2007.10.03"]
[EventType "swiss"]
[EventRounds "13"]
[EventCountry "ARM"]
[SourceTitle "CBM 120 Extra"]
[Source "ChessBase"]
[SourceDate "2007.11.01"]
[SourceVersion "1"]
[SourceVersionDate "2007.11.01"]
[SourceQuality "1"]

1. e4 c5 2. Nf3 d6 3. d4 cxd4 4. Nxd4 Nf6 5. Nc3 Nc6 6. Bg5 e6 7. Qd2 Qb6 8. Bxf6 gxf6 9. Nb3 a6 10. 0-0-0 Bd7 11. f4 Rg8 12. Kb1 0-0-0 13. Qe2 Na5 14. Qh5 Nxb3 15. axb3 Rg7 16. Qh6 f5 17. exf5 Rxg2 18. Qf6 Rg4 19. Bh3 Rxf4 20. Qxf7 Qf2 21. Rdf1 Qh4 22. Rxf4 Qxf4 23. Rf1 Qxh2 24. Qxh7 Kb8 25. f6 d5 26. Qd3 Qe5 27. Bg2 Bh6 28. Qh7 Bf8 29. Qh4 Bd6 30. Bf3 Rf8 31. Be2 Be8 32. Bd3 Bf7 33. Ne2 Qh2 34. Qd4 Qe5 35. Qh4 Qh2 36. Qd4 Qe5 37. Qb6 Bc7 38. Qg1 Rg8 39. Qf2 Qh2 40. Qe3 Qe5 41. Qh6 Qh2 42. Qe3 e5 43. Bf5 Rg2 44. Qc5 Qh8 45. Qe7 Qg8 46. Nc3 Rg1 47. Rxg1 Qxg1+ 48. Ka2 Qg8 49. Na4 Qe8 50. Bd7 Qg8 51. Nc5 Qg1 52. Be6 Bxe6 53. Nxe6 Bb6 54. f7 1-0

[Event "Wch U20 Girls 25th"]
[Site "Yerevan"]
[Date "2007.10.12"]
[Round "9"]
[White "Soumya, Swaminathan"]
[Black "Tairova, Elena"]
[Result "0-1"]
[WhiteElo "2244"]
[BlackElo "2391"]
[PlyCount "71"]
[EventDate "2007.10.03"]
[EventType "swiss"]
[EventRounds "13"]
[EventCountry "ARM"]
[SourceTitle "CBM 120 Extra"]
[Source "ChessBase"]
[SourceDate "2007.11.01"]
[SourceVersion "1"]
[SourceVersionDate "2007.11.01"]
[SourceQuality "1"]

1. e4 c5 2. Nf3 d6 3. d4 cxd4 4. Nxd4 Nf6 5. Nc3 a6 6. f3 e5 7. Nb3 Be6 8. Be3 Nbd7 9. g4 Nb6 10. g5 Nh5 11. Qd2 Be7 12. 0-0-0 0-0 13. Rg1 Rc8 14. Qf2 Nc4 15. Bxc4 Rxc4 16. Kb1 f5 17. Nc5 Bc8 18. exf5 Bxf5 19. Qe2 b5 20. N5e4 Qb8 21. Nd5 Bd8 22. b3 Rc8 23. Bc1 a5 24. Ne3 Nf4 25. Qd2 Bg6 26. Nxd6 Bb6 27. Nxc8 Rxc8 28. Ka1 a4 29. Bb2 Qa7 30. Rge1 axb3 31. cxb3 Nd3 32. Nd5 Ra8 33. Bc3 b4 34. Nxb6 bxc3 35. Qe2 Nxe1 36. Qxe1 0-1

[Event "Wch U20 Girls 25th"]
[Site "Yerevan"]
[Date "2007.10.11"]
[Round "8"]
[White "Tairova, Elena"]
[Black "Padmini, Rout"]
[Result "1-0"]
[WhiteElo "2391"]
[BlackElo "2226"]
[PlyCount "91"]
[EventDate "2007.10.03"]
[EventType "swiss"]
[EventRounds "13"]
[EventCountry "ARM"]
[SourceTitle "CBM 120 Extra"]
[Source "ChessBase"]
[SourceDate "2007.11.01"]
[SourceVersion "1"]
[SourceVersionDate "2007.11.01"]
[SourceQuality "1"]

1. e4 c5 2. Nf3 d6 3. d4 cxd4 4. Nxd4 Nf6 5. Nc3 a6 6. Be2 e5 7. Nb3 Be7 8. 0-0 0-0 9. Be3 Be6 10. Qd2 Nbd7 11. a4 b6 12. Rfd1 Qc7 13. Nd5 Bxd5 14. exd5 Ne4 15. Qe1 f5 16. f3 Nec5 17. Nxc5 bxc5 18. a5 h6 19. Qd2 Qd8 20. Qe1 f4 21. Bf2 e4 22. fxe4 Ne5 23. Ra3 Qc8 24. Rb1 Rb8 25. Qf1 Ra8 26. Kh1 g5 27. h3 Kg7 28. b4 cxb4 29. Rxb4 h5 30. Bd4 g4 31. Rc3 Qd7 32. Bxa6 Rab8 33. Rxb8 Rxb8 34. Qxf4 Rb1+ 35. Kh2 Bf6 36. Rb3 Rxb3 37. cxb3 gxh3 38. Be2 hxg2 39. Kxg2 Qb7 40. a6 Qxb3 41. Qg3+ Qxg3+ 42. Kxg3 h4+ 43. Kh3 Nd7 44. Be3 Bd8 45. a7 Bb6 46. a8Q 1-0

[Event "Wch U20 Girls 25th"]
[Site "Yerevan"]
[Date "2007.10.09"]
[Round "7"]
[White "Tjoelsen, Katrine"]
[Black "Tairova, Elena"]
[Result "0-1"]
[WhiteElo "2081"]
[BlackElo "2391"]
[PlyCount "64"]
[EventDate "2007.10.03"]
[EventType "swiss"]
[EventRounds "13"]
[EventCountry "ARM"]
[SourceTitle "CBM 120 Extra"]
[Source "ChessBase"]
[SourceDate "2007.11.01"]
[SourceVersion "1"]
[SourceVersionDate "2007.11.01"]
[SourceQuality "1"]

1. d4 d5 2. c4 c6 3. Nf3 Nf6 4. Nc3 e6 5. Bg5 h6 6. Bh4 dxc4 7. e4 g5 8. Bg3 b5 9. Be2 Bb7 10. h4 g4 11. Ne5 Nbd7 12. Nxg4 b4 13. Na4 Nxe4 14. Be5 Rg8 15. Bf3 Rxg4 16. Bxg4 Nxe5 17. dxe5 Qa5 18. 0-0 Qxe5 19. f4 Qf6 20. f5 e5 21. Re1 Nc5 22. g3 Rd8 23. Qc2 Nxa4 24. Qxa4 Bc5+ 25. Kh1 Rd4 26. Bh3 Rd3 27. Rg1 Qd6 28. Rad1 Bxg1 29. Rxg1 a6 30. Kh2 Kf8 31. Rg2 c5 32. Rg1 Rd2+ 0-1